00599nam a2200181Ia 4500008004100000020001400041040001900055041001200074082001700086245010600103260003000209300002000239504005000259630003300309650002500342651002600367700002400393131103s9999 xx 000 0 und d a304350508 aLoreto College aEnglish a909.08,bCAS 4aThe Cassell Atlas of the Modern World 1914-PresentcJohn Haywood with Edward Barratt, Brian Catchpole aLondonbCassell plcc1998 aillus, 30.5 cm. aIncludes bibliographical references and index aWorld History-1914-Present  aModern World History aWorld History, Modern aHaywood, John, auth